| 000 | 00438nam a22001697a 4500 | ||
|---|---|---|---|
| 003 | NUST - PNEC | ||
| 005 | 20170116181002.0 | ||
| 008 | 150912b xxu||||| |||| 00| 0 eng d | ||
| 020 | _a0890067694 | ||
| 040 | _cLIBRARY | ||
| 082 | _a621.3827 NOS | ||
| 100 |
_99577 _aNosu, Kiyoshi |
||
| 245 |
_aOptical FDM network technologies _cKiyoshi Nosu |
||
| 260 | _cc.1997 | ||
| 650 |
_99580 _aOptical communications _xEE, EL |
||
| 942 |
_2ddc _cBK |
||
| 999 |
_c66748 _d66748 |
||